English Counties - Sudden Death - Statistics

General Stats
  • This quiz has been taken 107 times
  • The average score is 10 of 20
Answers on the Grid
Answers color-coded by a green-red scale on the quiz's grid according to % correct below.
Lincolnshire
Cambridgeshire
Gibraltar
Buckinghamshire
Perthshire
Tyrone
City of Liverpool
Cumbria
Monmouthshire
Jersey
Rutland
Warwickshire
Ayrshire
Devon
Stirlingshire
Nottinghamshire
City of Leeds
City of London
Lanarkshire
Southamptonshire
City of Birmingham
Norfolk
Wessex
Flintshire
Isle of Man
Derbyshire
Huntingdonshire
Staffordshire
East Midlands
Essex
Leicestershire
Surrey
City of Bristol
Queensland
Isle of Wight
Canterbury
Gloucestershire
Kent
Wrexham
Wiltshire
 
Answer Stats
Answer % Correct
Lincolnshire
84%
Buckinghamshire
72%
Cambridgeshire
64%
Nottinghamshire
63%
Cumbria
61%
Devon
58%
Norfolk
56%
Warwickshire
56%
Leicestershire
52%
Derbyshire
50%
Kent
50%
Gloucestershire
48%
Staffordshire
47%
City of London
45%
Wiltshire
45%
Essex
44%
Rutland
42%
Surrey
42%
Isle of Wight
33%
City of Bristol
27%
No matching quizzes found
Score Distribution
Percent of People with Each Score
Percentile by Number Answered
Your Score History
You have not taken this quiz